000 00633nam a22001937a 4500
999 _c16453
_d16453
003 OSt
005 20170215123800.0
008 120420t xxu||||| |||| 00| 0 eng d
020 _a9780521691802
040 _aASAB
_cASAB Library
050 _a572.1 WIL
082 _a572.1 WIL
100 _aKeith Wilson and John Walker (Editor)
_983
245 _aPrinciples and Techniques of Biochemistry and Molecular Biology
_cEditor Keith Wilson
260 _aCambridge University Press
300 _a783
440 _aPrinciples and Techniques of Biochemistry and Molecular Biology
_984
650 _2 Biochemistry and Molecular Biology
_985
942 _2lcc
_cBK